Wszyscy gospodarze mistrzostw świata - Statystyki

Ogólne statystyki
  • Ten quiz został rozwiązany 78 razy
  • Średni wynik to 21 z 23
Statystyki odpowiedzi
Rok Kraje % Poprawnych
1950 Brazylia
99%
2014 Brazylia
99%
2018 Rosja
99%
2022 Katar
97%
1938 Francja
96%
1998 Francja
96%
1974 Niemcy
96%
2006 Niemcy
96%
1930 Urugwaj
96%
2026 USA / Meksyk / Kanada
96%
1934 Włochy
96%
1990 Włochy
96%
1978 Argentyna
94%
2002 Korea / Japonia
94%
1994 USA
93%
1982 Hiszpania
91%
2010 RPA
90%
1966 Anglia
89%
1970 Meksyk
83%
1986 Meksyk
83%
1958 Szwecja
76%
1962 Chile
74%
1954 Szwajcaria
61%
Nie znaleziono quizów pasujących do podanych kryteriów
Rozkład punktacji
Procent ludzi z każdym wynikiem
Percentyl według liczby udzielonych odpowiedzi
Twoja historia wyników
Nie rozwiązałeś tego quizu